000 01343nam a2200325 i 4500
001 768714001
003 CO-MdFUSB
005 20210921162329.0
007 ta
008 210430t1991 ck |||| |||| 00| 0 spa d
020 _a9586073017
040 _aCO-MdFUSB
_bspa
_cCO-MdFUSB
_dCO-MdFUSBC
_erda
041 _aspa
082 _223
_a176.4
_bSN673
100 _aSnoek, Jaime,
_eautor
245 _aEnsayo de ética sexual :
_bla sexualidad humana
_c/ Jaime Snoek ; traducido por María Antonieta Villegas.
264 1 _aColombia :
_bEdiciones Paulinas,
_c[1991]
264 4 _c© 1991
300 _a201 páginas ;
_c; 22 cm.
336 _2rdacontent
_atexto
_btxt
337 _2rdamedia
_asin mediación
_bn
338 _2rdacarrier
_avolumen
_bnc
504 _aIncluye referencias bibliográficas (páginas 193-201)
505 _aElementos de la historia. -- Aspectos biológicos. -- Aspectos sociológicos. -- Aspectos psicológicos. -- Aspectos religiosos. -- Aspectos filosóficos. -- Ética sexual- Panorama general. -- Humanización de la sexualidad. -- Estructuras del relacionamiento sexual. -- La fecundidad. -- La sexualidad en situaciones especificas. -- Anomalías sexuales.
563 _aRústico
653 _aÉtica sexual
700 _95280
_aVillegas, María Antonieta
_etraductor
942 _cBK
945 _aJTF-925
999 _c66723
_d66723